000 00564nam a2200181Ia 4500
008 090124s9999 xx 000 0 und d
082 _b12918
100 _a"केळकर , न. चि."
245 _a हास्यविनोदमीमांसा
250 _a0
260 _c1937
300 _a190
600 _a"केळकर , न. चि."
630 _a हास्यविनोदमीमांसा
700 _a"केळकर , न. चि."
730 _a हास्यविनोदमीमांसा
942 _cBOOK
999 _c87025
_d87025